| 000 | 00528nam a2200145 a 4500 | ||
|---|---|---|---|
| 008 | 120416s1963 ||||||||||||||||| || u | ||
| 050 | _aBF 38 Mar | ||
| 100 | _aMarx, Melvin H | ||
| 245 | 1 | 0 | _aSystems and theories in psychology |
| 260 |
_aNew York _bMcGraw-Hill _c1963 |
||
| 300 | _axvii, 469p. | ||
| 350 | _a0.00 | ||
| 650 | _aSYSTEMS--THEORIES--PSYCHOLOGY | ||
| 995 |
_D0.00 _FCBU-MAIN LIBRARY (Kitwe) _H1 _I5.35 _M1 _UAVAILABLE _WMay 12, 2006 _ZAnnex Low-Usage Collection |
||
| 999 |
_c59328 _d59328 |
||